| Tag |
First Indicator |
Second Indicator |
Subfields |
| LEADER |
00000cam a2200000 4500 |
| 001 |
in00001406096 |
| 005 |
20151020072412.0 |
| 008 |
780626s1946 fr b 000 0 fre |
| 010 |
|
|
|a 49004674
|
| 035 |
|
|
|a (OCoLC)04009765
|
| 035 |
|
|
|9 AHQ2842AM
|
| 040 |
|
|
|a DLC
|c CUS
|d TXA
|d UtOrBLW
|
| 049 |
|
|
|a TXAM
|
| 050 |
|
0 |
|a HD6684
|b .L219
|
| 090 |
|
|
|a HD6684
|b .L219 1946
|
| 100 |
1 |
|
|a Lefranc, Georges,
|d 1904-1985.
|
| 245 |
1 |
0 |
|a Histoire du mouvement ouvrier en France :
|b des origines à nos jours /
|c [par] Jean Montreuil [pseudonym].
|
| 264 |
|
1 |
|a Paris :
|b Aubier,
|c [1946]
|
| 300 |
|
|
|a 603 pages ;
|c 19 cm.
|
| 336 |
|
|
|a text
|b txt
|2 rdacontent
|
| 337 |
|
|
|a unmediated
|b n
|2 rdamedia
|
| 338 |
|
|
|a volume
|b nc
|2 rdacarrier
|
| 490 |
1 |
|
|a Histoire du travail et de la vie économique
|
| 504 |
|
|
|a Includes bibliographical references: pages [582]-595.
|
| 541 |
0 |
|
|a Donated by Stephen E. Atkins ; May 1998.
|
| 650 |
|
0 |
|a Labor unions
|z France
|x History.
|
| 830 |
|
0 |
|a Histoire du travail et de la vie économique.
|
| 948 |
|
|
|a c:pk
|
| 999 |
|
|
|a MARS
|
| 999 |
f |
f |
|s 0e60c845-b0f4-3ab2-a007-051d64ce0617
|i 61da8557-7f4a-3516-9047-c15aeaebf67e
|t 0
|
| 952 |
f |
f |
|p ric
|a Texas A&M University
|b Rellis Campus
|c Joint Library Facility
|d Remote Storage
|t 0
|e HD6684 .L219 1946
|h Library of Congress classification
|i unmediated -- volume
|m A14823324755
|
| 998 |
f |
f |
|a HD6684 .L219 1946
|t 0
|l Remote Storage
|